Un activo social colectivo /
Salvato in:
| Autore principale: | |
|---|---|
| Natura: | Libro |
| Lingua: | Spanish |
| Tags: |
Aggiungi Tag
Nessun Tag, puoi essere il primo ad aggiungerne!!
|
MARC
| LEADER | 00000nam a22000007a 4500 | ||
|---|---|---|---|
| 003 | cru CRAI/IIS | ||
| 005 | 20210218145635.0 | ||
| 008 | 210211t2004 mx |||||r|||||0|| ||spa|d | ||
| 999 | |c 43600 |d 43600 | ||
| 040 | |c cru CRAI/IIS | ||
| 100 | 1 | |9 9818 |a Robinson, Scott S. |e Autor | |
| 245 | 1 | |a Un activo social colectivo / |c Scott S. Robinson | |
| 300 | |a páginas 137-151 : |b gráficos | ||
| 773 | 0 | |0 42320 |9 3192 |d México: UNAM; Miguel Angel Porrúa, 2004 |o 18521 |t Los retos culturales de México/ |z 9707015020 | |
| 942 | |2 ddc |c LI | ||



